000 01108cam a2200313 a 4500
999 _c22606
_d22606
001 4881279
005 20170124124932.0
008 921020s1992 nyua b 001 0 eng
010 _a 92229062
020 _a0823021637
035 _a(OCoLC)
040 _aDLC
_cDLC
043 _an-us---
050 0 0 _aNC1001
_b.C72 1992
100 1 _aCraig, James,
_d1930-
245 1 0 _aGraphic design career guide /
_cby James Craig.
250 _a2nd rev. ed.
260 _aNew York :
_bWatson-Guptill,
_c1992.
300 _a159 p. :
_bill. ;
_c28 cm.
504 _aIncludes bibliographical references (p. [152]-153) and index.
650 0 _aCommercial art
_xVocational guidance
_zUnited States.
942 _2lcc
_cBOOKS
_hNC1001 .C72 1992